000 00651nam a2200253Ia 4500
003 OSt
005 20220924122503.0
006 a|||||r|||| 00| 0
007 ta
008 220923b |||||||| |||| 00| 0 spa d
024 _a11325
037 _cTextual
040 _aARTS
_cARTS
_bspa
041 _2spa
_aspa
082 _aM4, E6
100 _aAtkins Evan A.
_9189647
245 0 _aPractical sheet and plate metal work
250 _a3rd
260 _aLondon
_bIsaac Pitman
_c1916
300 _a541+23p. illus
_ccm.
650 _aINDUSTRIAL ARTS
942 _hM4, E6
_cTEXL
_2CC
999 _c411818
_d411818